Dieux Grec - Mort Subite - Statistiques

Statistiques générales
  • Ce quiz a été pris 7 494 fois
  • Le résultat moyen est 10 sur 20
Answers on the Grid
Answers color-coded by a green-red scale on the quiz's grid according to % correct below.
Zeus
Jupiter
Junon
Poseidon
Héra
Neptune
Déméter
Athéna
Minerve
Cérès
Apollon
Artémis
Diane
Mars
Vénus
Vulcain
Aphrodite
Arès
Héphaistos
Hermès
Mercure
Vesta
Hestia
Dionysos
Bacchus
Hadès
Hécate
Pluton
Trivia
Somnus
Cupidon
Eros
Terra
Gaia
Uranus
Ouranos
Cronos
Saturne
Hypnos
 
Statistiques - réponses
Réponse % Correct
Zeus
98%
Héra
71%
Poseidon
70%
Athéna
67%
Aphrodite
61%
Apollon
61%
Artémis
57%
Déméter
54%
Arès
53%
Hadès
53%
Hermès
52%
Héphaistos
51%
Dionysos
50%
Cronos
43%
Gaia
38%
Eros
35%
Hestia
33%
Hypnos
28%
Ouranos
27%
Hécate
24%
Aucun quiz correspondant
Distribution des résultats
% des personnes avec chaque résultat
Percentile par nombre de réponses
Votre historique - résultats
Vous n’avez pas pris ce quiz